La Musique au temps de Bach / (Record no. 197585)

MARC details
000 -LEADER
campo de control de longitud fija 01634nam a2200457 i 4500
001 - NÚMERO DE CONTROL
campo de control 197585
003 - IDENTIFICADOR DE NÚMERO DE CONTROL
campo de control ES-MaACL
005 - FECHA Y HORA DE LA ÚLTIMA TRANSACCIÓN
campo de control 20250823004929.0
007 - CAMPO FIJO DE DESCRIPCIÓN FÍSICA--INFORMACIÓN GENERAL
campo de control de longitud fija ta
008 - DATOS DE LONGITUD FIJA--INFORMACIÓN GENERAL
campo de control de longitud fija 940517t19931993fr a### ||||| 000 | fre d
020 ## - NÚMERO INTERNACIONAL ESTÁNDAR DEL LIBRO
Número Internacional Estándar del Libro 2040195750
035 ## - NÚMERO DE CONTROL DEL SISTEMA
Número de control de sistema (OCoLC)30447529
035 ## - NÚMERO DE CONTROL DEL SISTEMA
Número de control de sistema ocm30447529
035 ## - NÚMERO DE CONTROL DEL SISTEMA
Número de control de sistema 018986749
040 ## - FUENTE DE CATALOGACIÓN
Centro catalogador/agencia de origen ABES
Lengua de catalogación fre
Normas de descripción AFNOR
Centro/agencia transcriptor ES-MaACL
041 1# - CÓDIGO DE IDIOMA
Fuente del código 639-2
082 0# - NÚMERO DE LA CLASIFICACIÓN DECIMAL DEWEY
Número de clasificación 780.9
084 ## - OTRO NÚMERO DE CLASIFICACIÓN
Número de clasificación 780.9.
Fuente del número Dewey
999 ## - NÚMEROS DE CONTROL DE SISTEMA (KOHA)
Koha Subclase de Dewey [OBSOLETO] 0WM
245 03 - MENCIÓN DEL TÍTULO
Título La Musique au temps de Bach /
Mención de responsabilidad, etc. traduit et adapté par Richard Siegel.
260 ## - PUBLICACIÓN, DISTRIBUCIÓN, ETC.
Lugar de publicación, distribución, etc. Paris :
Nombre del editor, distribuidor, etc. Bordas,
Fecha de publicación, distribución, etc. 1993, cop. 1993.
300 ## - DESCRIPCIÓN FÍSICA
Extensión 156 p. :
Otras características físicas ill. ;
Dimensiones 32 cm.
336 ## - TIPO DE CONTENIDO
Código de tipo de contenido txt
Fuente rdacontent
Término de tipo de contenido texto
337 ## - TIPO DE MEDIO
Código del tipo de medio n
Fuente rdamedia
Nombre/término del tipo de medio sin mediación
337 ## - TIPO DE MEDIO
Código del tipo de medio n
Fuente isbdmedia
Nombre/término del tipo de medio sin mediación
338 ## - TIPO DE SOPORTE
Fuente rdacarrier
Nombre/término del tipo de soporte volumen
490 1# - MENCIÓN DE SERIE
Mención de serie Histoire illustrée de la musique ;
Designación de volumen o secuencia 3
500 ## - NOTA GENERAL
Nota general Trad. et adapt. de : Heritage of Music.
650 #7 - PUNTO DE ACCESO ADICIONAL DE MATERIA--TÉRMINO DE MATERIA
Término de materia o nombre geográfico como elemento de entrada Música
Fuente del encabezamiento o término embne
9 (RLIN) 15376
650 #7 - PUNTO DE ACCESO ADICIONAL DE MATERIA--TÉRMINO DE MATERIA
Término de materia o nombre geográfico como elemento de entrada Música-
9 (RLIN) 171900
Subdivisión cronológica S.XVII
650 #7 - PUNTO DE ACCESO ADICIONAL DE MATERIA--TÉRMINO DE MATERIA
Término de materia o nombre geográfico como elemento de entrada Música-
9 (RLIN) 171901
Subdivisión cronológica S.XVIII
651 ## - PUNTO DE ACCESO ADICIONAL DE MATERIA--NOMBRE GEOGRÁFICO
Nombre geográfico Alemania-
Subdivisión general Música
9 (RLIN) 240931
700 1# - ENTRADA AGREGADA--NOMBRE PERSONAL
Número de control del registro de autoridad o número normalizado (IdRef)265390796
URI de un objeto del mundo real http://www.idref.fr/265390796/id
Nombre de persona Siegel, Richard,
Fechas asociadas al nombre 1949-
Término indicativo de función/relación Traductor
9 (RLIN) 240932
830 #0 - PUNTO DE ACCESO ADICIONAL DE SERIE-TÍTULO UNIFORME
Título uniforme Histoire illustrée de la musique ;
Designación de volumen o secuencia 3
9 (RLIN) 240933
852 ## - LOCALIZACIÓN
Ubicación ES-MaACL
Ubicación en estantería Depósito 1
Número de control de estantería A-15684
Donativo/Legado Donación: Fernando Codina Rodríguez
Encuadernación Encuadernación cartoné
itemnumber 206042
903 ## - NOMBRE PERSONAL DE DONANTE
a Codina Rodríguez, Fernando
e Donante
9 238631
942 ## - ELEMENTOS DE ENTRADA SECUNDARIOS (KOHA)
Suprimir en OPAC No
Tipo de ítem Koha Libro impreso
Holdings
Estatus retirado Estado de pérdida Fuente del sistema de clasificación o colocación Estado de daño No para préstamo Biblioteca de origen Biblioteca actual Ubicación en estantería Fecha de adquisición Fuente de adquisición Total de préstamos Signatura topográfica completa Visto por última vez Precio de reemplazo Tipo de ítem Koha
    Clasificación decimal universal     Biblioteca del Ateneo de Madrid Biblioteca del Ateneo de Madrid Depósito 1 18/06/2025 Donación   A-15684 18/06/2025 18/06/2025 Libro impreso